000 00266nam a22001097a 4500
008 211029b ||||| |||| 00| 0 eng d
050 _a200
_b1
245 _aDaily Bread 2021
260 _aChennai
_bBible Ministries Department
_c2021
300 _a1
942 _2ddc
_cBK
999 _c11863
_d11863